00457 2200181 4500001002100000008004100021035002000062245006600082100002100148250000600169260002900175300001200204084001400216082000800230650001300238990001200251990001200263INLIS000000000000784 ind  a0010-0524000019 aSapu Bersih Ujian Sosiologi Kelas X, XI, XIIcIzzatul Kamilau aKamilau, Izzatul a1 aYogyakarta :bAndic2017 a226 hlm a301 IZZ s a301 aNonFiksi a0740417 a0740418